| 000 | 00478nam a2200193Ia 4500 | ||
|---|---|---|---|
| 005 | 20240605095327.0 | ||
| 008 | 131103s9999 xx 000 0 und d | ||
| 040 | _aLoreto College | ||
| 041 | _aEnglish | ||
| 082 |
_a511 _bGRE |
||
| 100 | _aGregory, A H | ||
| 245 |
_aBasic statistics _cA H Gregory, J R Hartley and D G Lewis |
||
| 260 |
_aLondon _bMethuen _c1969 |
||
| 300 | _a170p. | ||
| 650 | _aArithmetic | ||
| 700 | _aHartley, J R | ||
| 850 | _aLCBED | ||
| 942 | _cBK | ||
| 999 |
_c28405 _d78884 |
||